[Event "Recife Pernambucano op"]
[White "Neves, Yuri Barros De Mira"]
[Black "Ferreira, Enzo Suzarte"]
[Site "Recife"]
[Round "2"]
[Result "0-1"]
[Date "2024.12.06"]
[WhiteElo "1874"]
[BlackElo "2089"]
[PlyCount "65"]
[EventDate "2024.12.06"]
[EventType "swiss"]
[EventRounds "6"]
[EventCountry "BRA"]
[SourceTitle "CB50_2024"]
[SourceDate "2024.11.01"]
[SourceVersion "1"]
[SourceVersionDate "2024.11.01"]
[SourceQuality "2"]

1. e4 c5 2. c3 Nf6 3. e5 Nd5 4. d4 e6 5. Nf3 cxd4 6. cxd4 d6 7. Bd3 Nc6 8. 0-0 dxe5 9. dxe5 Be7 10. Qe2 0-0 11. Nc3 Nxc3 12. bxc3 Qc7 13. Qe4 g6 14. Re1 b6 15. Bg5 Bb7 16. Qh4 Bxg5 17. Nxg5 h5 18. Qg3 Rad8 19. Be2 Qxe5 20. Qxe5 Nxe5 21. f4 Nd3 22. Rf1 Nc5 23. Rfd1 f6 24. Nh3 Kf7 25. Nf2 Ke7 26. Bc4 Rxd1+ 27. Rxd1 Rd8 28. Rxd8 Kxd8 29. Bb3 Nxb3 30. axb3 Ke7 31. g3 Bd5 32. b4 a5 33. Nd3 0-1